| 000 | 00534cam a2200205ua 4500 | ||
|---|---|---|---|
| 001 | 9899 | ||
| 005 | 20260515114535.0 | ||
| 008 | 161007n ii |||gr||||Z||||||asm | ||
| 020 | _a8173391785 | ||
| 040 | _cMAIN | ||
| 041 | _aasm | ||
| 082 | _a940 | ||
| 100 |
_aBhattacharyya, Dhirendra Narayan, _eAuthor. |
||
| 245 |
_aEuropor chamu buranji : _b1500-1815 / _cBy Dhirendra Narayan Bhattacharyya . |
||
| 250 | _a2nd ed. | ||
| 260 |
_aGuwahati: _bBanalata, _c1997. |
||
| 300 | _a320p. | ||
| 653 | _aHistory of Europe | ||
| 942 | _cBK | ||
| 999 |
_c8900 _d8900 |
||